000 00585nam a2200205Ia 4500
005 20250923145953.0
008 008 250917s9999 xx 000 0 eng d
037 _aTextual
040 _aDSWL
_beng
_cDSWL
041 _aeng
_2eng
084 _aYX;Z1-zr;5, N97
_qDSWL
100 _aAnnapurna, M.
_9840853
245 0 _aMentally Handicapped Children and Family Stress
_c by M. Annapurna
260 _aNew Delhi
_bDiscover
_c1997
300 _a204 p.
365 _aINR
_b325.00
925 _g325.00
942 _cTEXL
_hYX;Z1-zr;5, N97
999 _c1457967
_d1457967